| LEADER 00000nam 2200000uu 4500 |
| 001 211586 |
| 003 ULIBM |
| 008 170526s||||||||th 000 0 tha d |
| 020 ^a9781118474556
|
| 060 04 ^aWY100.1^bM466a 2015
|
| 100 1 ^aLe May, Andrée, ^eauthor.
|
| 245 10 ^aAdult nursing at a glance / ^cAndrée le May
|
| 260 Chichester, West Sussex ; ^aMalden, MA :^bWileyBlackwell, ^c2015
|
| 300 ^axiv, 210 p. :^bill. (some col.) ;^c28 cm
|
| 490 1 ^aAt a glance
|
| 504 ^aIncludes bibliographical references and index
|
| 650 2 ^aNursing
|
| 650 2 ^aNursing Process
|
| 830 0 ^aAt a glance series (Oxford, England)
|
| 999 ^aใช้งานได้ทุกระบบ
|